Αλεξ Μυλωνά
Saved in:
| Corporate Author: | |
|---|---|
| Format: | Book |
| Language: | Greek |
| Published: |
Αθήνα :
Εθνική Πινακοθήκη, Μουσείο Αλέξανδρου Σούτζου,
1986
|
| Subjects: | |
| Tags: |
Add Tag
No Tags, Be the first to tag this record!
|
MARC
| LEADER | 00000nam a2200000 i 4500 | ||
|---|---|---|---|
| 001 | 1/6565 | ||
| 008 | 960710s1986 gre d | ||
| 035 | |l 10016397 | ||
| 040 | |a GR-MY-UA |b gre |e aacr | ||
| 041 | 0 | |a gre | |
| 082 | 0 | |a 730.09495 | |
| 110 | 2 | |a Εθνική Πινακοθήκη - Μουσείο Αλεξάνδρου Σούτζου. | |
| 245 | 1 | 0 | |a Αλεξ Μυλωνά / |c Εθνική Πινακοθήκη, Μουσείο Αλέξανδρου Σούτζου |
| 260 | |a Αθήνα : |b Εθνική Πινακοθήκη, |b Μουσείο Αλέξανδρου Σούτζου, |c 1986 | ||
| 300 | |a 8 σ. |b εικ. | ||
| 600 | 1 | 0 | |a Μυλωνά, Άλεξ, |d 1923- |
| 650 | 0 | 0 | |a Sculpture, Greek. |
| 650 | 0 | 0 | |a Sculptors |z Greece. |
| 852 | |a INST |b LESVOS |e 19960710 |h 730.09495 ΑΛΕ |p 005100009676 |q 005100009676 |t BK |y 0 | ||
| 909 | |a Λ |b 022960 | ||
| 922 | |a 1ΔΩΡ |b 199203 | ||